How to set and achieve goals : (Record no. 185954)
[ view plain ]
| 000 -LEADER | |
|---|---|
| fixed length control field | 00703 a2200205 4500 |
| 003 - CONTROL NUMBER IDENTIFIER | |
| control field | Nust |
| 005 - DATE AND TIME OF LATEST TRANSACTION | |
| control field | 20230127095126.0 |
| 010 ## - LIBRARY OF CONGRESS CONTROL NUMBER | |
| LC control number | 81067630 |
| 020 ## - INTERNATIONAL STANDARD BOOK NUMBER | |
| International Standard Book Number | 0917386477 (pbk.) : |
| 040 ## - CATALOGING SOURCE | |
| Transcribing agency | Nust |
| 082 00 - DEWEY DECIMAL CLASSIFICATION NUMBER | |
| Classification number | 658,ROS |
| 100 1# - MAIN ENTRY--PERSONAL NAME | |
| Personal name | Rosen, Betty. |
| 9 (RLIN) | 107847 |
| 245 10 - TITLE STATEMENT | |
| Title | How to set and achieve goals : |
| Remainder of title | the key to successful management / |
| Statement of responsibility, etc. | by Betty Rosen. |
| 260 ## - PUBLICATION, DISTRIBUTION, ETC. | |
| Place of publication, distribution, etc. | New York, N.Y. : |
| Name of publisher, distributor, etc. | Executive enterprises Publications Co., |
| Date of publication, distribution, etc. | c1981. |
| 300 ## - PHYSICAL DESCRIPTION | |
| Extent | 79 p. ; |
| Dimensions | 22 cm. |
| 440 #2 - SERIES STATEMENT/ADDED ENTRY--TITLE | |
| Title | A Management know-how digest |
| 9 (RLIN) | 107848 |
| 505 ## - FORMATTED CONTENTS NOTE | |
| Formatted contents note | Part I: Set Goals to Get Results (Page-13), Part II: Pitfalls, Obstacles (Page-49). |
| 650 #0 - SUBJECT ADDED ENTRY--TOPICAL TERM | |
| Topical term or geographic name entry element | Management by objectives. |
| 9 (RLIN) | 107849 |
| 942 ## - ADDED ENTRY ELEMENTS (KOHA) | |
| Source of classification or shelving scheme | |
| Koha item type | Book |
| Call number prefix | 658,ROS |
| Withdrawn status | Lost status | Source of classification or shelving scheme | Damaged status | Not for loan | Permanent Location | Current Location | Shelving location | Date acquired | Total Checkouts | Full call number | Barcode | Date last seen | Date last checked out | Price effective from | Koha item type | Public note |
|---|---|---|---|---|---|---|---|---|---|---|---|---|---|---|---|---|
| Military College of Signals (MCS) | Military College of Signals (MCS) | General Stacks | 12/12/2016 | 1 | 658,ROS | MCS6678 | 12/29/2022 | 10/17/2022 | 12/12/2016 | Book | Almirah No. 55, Shelf No.1 |
